000
00374nam a2200169Ia 4500
008
170705s9999 xx 000 0 und d
020
_a
9780439686181
245
_a
Owen /
245
_c
Kevin Henkes.
260
_a
New York :
260
_b
Scholastic,
260
_c
1993
300
_a
unpaged :
300
_b
color illustration ;
300
_c
25cm.
500
_a
370
999
_c
337005
_d
337005